[Event "DVM U10 2013"]
[Site "Magdeburg GER"]
[Date "2013.12.27"]
[Round "2"]
[White "Heckmann, Till"]
[Black "Bui, Bao Anh Le"]
[Result "1-0"]
[Termination "normal"]
[Board "1.1"]
[WhiteElo "1463"]
[BlackElo "1522"]
[WhiteTeam "SV Empor Berlin"]
[BlackTeam "Treptower SV 1949 e.V."]
[WhiteFideId "12987093"]
[BlackFideId "12970719"]
[EventCountry "GER"]
[EventRounds "6"]
[EventType "team-swiss"]
[EventDate "2013.12.27"]

1. e4 c5 2. Nc3 d6 3. g3 Nf6 4. Bg2 g6 5. d3 Bg7 6. h3 Nc6 7. Be3 O-O 8. f4 e6
9. Nf3 Re8 10. O-O Qc7 11. Qd2 Bd7 12. g4 Bc8 13. Nh4 Qe7 14. Qf2 a6 15. Rae1
Nd7 16. f5 exf5 17. exf5 Qf8 18. Bd5 Kh8 19. g5 Be5 20. fxg6 fxg6 21. Nxg6+
hxg6 22. Qh4+ Kg7 23. Qh6# 1-0

[Event "DVM U10 2013"]
[Site "Magdeburg GER"]
[Date "2013.12.27"]
[Round "2"]
[White "Rusack, Noah"]
[Black "Breitzmann, Sander"]
[Result "0-1"]
[Termination "normal"]
[Board "1.2"]
[WhiteElo "894"]
[BlackElo "1411"]
[WhiteTeam "Treptower SV 1949 e.V."]
[BlackTeam "SV Empor Berlin"]
[WhiteFideId "12970700"]
[BlackFideId "12987085"]
[EventCountry "GER"]
[EventRounds "6"]
[EventType "team-swiss"]
[EventDate "2013.12.27"]

1. d4 d5 2. Nf3 Nf6 3. e3 e6 4. Bd3 c5 5. c3 Nc6 6. Nbd2 cxd4 7. cxd4 Bd6 8.
O-O O-O 9. e4 e5 10. dxe5 Nxe5 11. Re1 Nxd3 12. Re3 Nf4 13. e5 Bc5 14. Rc3 Bb4
15. exf6 Bxc3 16. bxc3 Qxf6 17. Nd4 Nd3 18. Qe2 Bf5 19. Nxf5 Qxf5 20. Rb1 Rfe8
21. Qf3 Re1+ 22. Nf1 Qxf3 23. gxf3 Rxc1 24. Rxb7 Nf4 25. Rb4 g5 26. h4 h6 27.
a4 Rxc3 28. Ne3 Rd3 29. Kh2 d4 30. Nf5 Rxf3 0-1

[Event "DVM U10 2013"]
[Site "Magdeburg GER"]
[Date "2013.12.27"]
[Round "2"]
[White "Breitzmann, Malte"]
[Black "Bahro, Paul"]
[Result "1-0"]
[Termination "normal"]
[Board "1.3"]
[WhiteElo "1093"]
[BlackElo "888"]
[WhiteTeam "SV Empor Berlin"]
[BlackTeam "Treptower SV 1949 e.V."]
[BlackFideId "12957194"]
[EventCountry "GER"]
[EventRounds "6"]
[EventType "team-swiss"]
[EventDate "2013.12.27"]

1. e4 e5 2. Nf3 Nc6 3. Bc4 Bc5 4. c3 Nf6 5. d3 d6 6. Nbd2 Bg4 7. h3 Be6 8. Bb5
O-O 9. g4 a6 10. Ba4 b5 11. Bc2 d5 12. Nf1 dxe4 13. dxe4 Qxd1+ 14. Kxd1 Bxf2
15. Be3 Rad8+ 16. Ke2 Bxe3 17. Nxe3 b4 18. cxb4 Nxb4 19. Nxe5 Nxc2 20. Nxc2
Nxe4 21. Ke3 Bd5 22. Rhd1 f6 23. Nf3 Rfe8 24. Rd4 Ng5+ 25. Kf4 Bxf3 26. Rxd8
Rxd8 27. h4 Rf8 28. hxg5 fxg5+ 29. Kxg5 h6+ 30. Kh4 g5+ 31. Kg3 h5 32. gxh5
Bxh5 33. Rh1 Bg6 34. Nd4 Rb8 35. b3 c5 36. Ne6 Be4 37. Re1 Bc2 38. Nxc5 a5 39.
Re5 Kf7 40. Rxg5 Rc8 41. Nb7 Ra8 42. Rxa5 Rxa5 43. Nxa5 Ke7 44. Kf4 Kd6 45. Ke3
Kc5 46. Kd2 Bb1 47. a3 Kb5 48. Kc1 Ba2 49. Kb2 Bxb3 50. Nxb3 Ka4 51. Nc5+ Kb5
52. Ne4 Ka4 53. Nc3+ Ka5 54. Kb3 Ka6 55. Kb4 Kb6 56. Nd5+ Ka6 57. a4 Kb7 58.
Kb5 Ka7 59. Nf4 Kb7 60. Nd3 Ka7 61. Nc5 Kb8 62. Kb6 Ka8 63. a5 Kb8 64. a6 Ka8
65. Ne6 Kb8 66. Nc7 Kc8 67. a7 Kd7 68. a8=Q Kd6 69. Qa5 Kd7 70. Qe5 Kd8 71.
Qe8# 1-0

[Event "DVM U10 2013"]
[Site "Magdeburg GER"]
[Date "2013.12.27"]
[Round "2"]
[White "Schauties, Nico Antonio"]
[Black "Breitzmann, Thorge"]
[Result "0-1"]
[Termination "normal"]
[Board "1.4"]
[WhiteElo "600"]
[BlackElo "1009"]
[WhiteTeam "Treptower SV 1949 e.V."]
[BlackTeam "SV Empor Berlin"]
[WhiteFideId "16206371"]
[EventCountry "GER"]
[EventRounds "6"]
[EventType "team-swiss"]
[EventDate "2013.12.27"]

1. e4 e5 2. Nf3 Nc6 3. Bc4 Bc5 4. Nc3 Nf6 5. d3 d6 6. Bg5 Be6 7. Bb3 h6 8. Bh4
O-O 9. O-O Bd4 10. Nxd4 Nxd4 11. Nd5 Bxd5 12. Bxd5 c6 13. Bb3 Qe7 14. c3 Nb5
15. d4 exd4 16. cxd4 Rfe8 17. Bc2 Qe6 18. Re1 Rad8 19. d5 Qe5 20. Rb1 Rd7 21.
Qd3 Nd4 22. Re3 Ng4 23. Rh3 Nxc2 24. Qxc2 cxd5 25. Rg3 h5 26. h3 Nh6 27. Re3
dxe4 28. Rbe1 d5 29. Bg3 Qe6 30. Qc3 d4 31. Rxe4 dxc3 32. Rxe6 Rxe6 33. bxc3
Rxe1+ 0-1

[Event "DVM U10 2013"]
[Site "Magdeburg GER"]
[Date "2013.12.27"]
[Round "2"]
[White "Buller, Ian Joshua"]
[Black "Gheng, Dominik"]
[Result "0-1"]
[Termination "normal"]
[Board "2.1"]
[WhiteElo "1127"]
[BlackElo "1561"]
[WhiteTeam "SV "Glück auf" Rüdersdorf e.V."]
[BlackTeam "Schach-Kids Bernhausen 1"]
[WhiteFideId "12990655"]
[BlackFideId "12906778"]
[EventCountry "GER"]
[EventRounds "6"]
[EventType "team-swiss"]
[EventDate "2013.12.27"]

1. e4 c5 2. Nf3 d6 3. Nc3 Nf6 4. d4 cxd4 5. Nxd4 g6 6. Bb5+ Bd7 7. Be3 Bxb5 8.
Ncxb5 Nxe4 9. Qf3 d5 10. O-O-O Bg7 11. Rhe1 O-O 12. Nb3 Nc6 13. Qg4 Ne5 14. Qh4
Nc4 15. Nc5 Qa5 {nicht mehr nachvollziehbar} 0-1

[Event "DVM U10 2013"]
[Site "Magdeburg GER"]
[Date "2013.12.27"]
[Round "2"]
[White "Grube, Olaf"]
[Black "Kurzweil, Naemi"]
[Result "1-0"]
[Termination "normal"]
[Board "2.2"]
[WhiteElo "1224"]
[BlackElo "1025"]
[WhiteTeam "Schach-Kids Bernhausen 1"]
[BlackTeam "SV "Glück auf" Rüdersdorf e.V."]
[WhiteFideId "12956988"]
[BlackFideId "12985708"]
[EventCountry "GER"]
[EventRounds "6"]
[EventType "team-swiss"]
[EventDate "2013.12.27"]

1. e4 e5 2. Nf3 Nc6 3. Bb5 Nf6 4. O-O Bc5 5. d3 a6 6. Ba4 b5 7. Bb3 d6 8. Bg5
Bg4 9. h3 Bh5 10. Bd5 Qd7 11. Bxf6 gxf6 12. Nxe5 fxe5 13. Qxh5 Bd4 14. Nc3 b4
15. Na4 O-O-O 16. Qxf7 Qe8 17. Qxe8 Rdxe8 18. Bxc6 Re7 19. c3 Ba7 20. cxb4 Rg7
21. Bd5 Rf8 22. Nc3 Rf3 23. Be6+ Kb8 24. Bg4 Rxd3 25. b5 Rg3 26. Kh1 Rd3 27.
Rfd1 Rxd1+ 28. Rxd1 Bxf2 29. bxa6 Bd4 30. a7+ Bxa7 31. Nb5 Kb7 32. Nxa7 Kxa7
33. b4 Rf7 34. a4 Rf4 35. Bf3 h5 36. Rf1 h4 37. a5 Ka6 38. Be2+ Kb7 39. Rxf4
exf4 40. Bf3 Kc8 41. a6 Kb8 42. b5 Ka7 43. Kg1 Kb6 44. Kf2 Ka7 45. Ke2 Kb6 46.
Kd3 c6 47. a7 Kxa7 48. bxc6 Kb6 49. Kd4 Kxc6 50. e5+ Kd7 51. exd6 Kxd6 52. Ke4
Ke6 53. Kxf4 Kf6 54. Kg4 Kg6 55. Kxh4 Kf5 56. g4+ Kf4 57. g5 Kxf3 58. g6 Kf4
59. g7 Kf5 60. g8=Q Ke5 61. Kg4 Kd4 62. h4 Ke5 63. h5 Kd4 64. h6 Ke5 65. h7 Ke4
66. h8=Q Kd3 67. Qhh7+ Ke3 68. Qe7+ Kf2 69. Qgf8+ Kg2 70. Qe2+ Kg1 71. Qff1#
1-0

[Event "DVM U10 2013"]
[Site "Magdeburg GER"]
[Date "2013.12.27"]
[Round "2"]
[White "Katholy, Joshua"]
[Black "Floeter, Nico"]
[Result "1/2-1/2"]
[Termination "normal"]
[Board "2.3"]
[WhiteElo "1094"]
[BlackElo "1078"]
[WhiteTeam "SV "Glück auf" Rüdersdorf e.V."]
[BlackTeam "Schach-Kids Bernhausen 1"]
[WhiteFideId "12990647"]
[EventCountry "GER"]
[EventRounds "6"]
[EventType "team-swiss"]
[EventDate "2013.12.27"]

1. e4 c5 2. Nf3 d6 3. d4 cxd4 4. Nxd4 Nf6 5. Nc3 g6 6. Bb5+ Nbd7 7. b3 a6 8.
Bd3 Bg7 9. Bb2 O-O 10. Qe2 Ne5 11. f4 Nxd3+ 12. Qxd3 e5 13. Nde2 Bg4 14. h3
Bxe2 15. Qxe2 exf4 16. O-O-O Bh6 17. Kb1 b5 18. e5 Nh5 19. Qf2 Qc7 20. exd6 Qd7
21. g4 Ng3 22. Rhe1 f5 23. gxf5 Nxf5 24. Ne4 Bg7 25. Qxf4 Bxb2 26. Kxb2 Qg7+
27. c3 Nxd6 28. Qxd6 {nicht mehr nachvollziehbar} 1/2-1/2

[Event "DVM U10 2013"]
[Site "Magdeburg GER"]
[Date "2013.12.27"]
[Round "2"]
[White "Erhardt, Kristian"]
[Black "Darowski, Janek Wilhelm"]
[Result "1/2-1/2"]
[Termination "normal"]
[Board "2.4"]
[WhiteElo "921"]
[BlackElo "971"]
[WhiteTeam "Schach-Kids Bernhausen 1"]
[BlackTeam "SV "Glück auf" Rüdersdorf e.V."]
[WhiteFideId "16223357"]
[EventCountry "GER"]
[EventRounds "6"]
[EventType "team-swiss"]
[EventDate "2013.12.27"]

1. e4 d5 2. exd5 Qxd5 3. Nc3 Qa5 4. Nf3 Nf6 5. d4 c6 6. Bd3 Bg4 7. h3 Bxf3 8.
Qxf3 e5 9. Qe2 Bd6 10. O-O O-O 11. dxe5 Bxe5 12. Bd2 Qc5 13. Rfe1 Re8 14. Ne4
Qe7 15. Nxf6+ Bxf6 16. Qg4 Qd8 17. Rxe8+ Qxe8 18. Re1 Qd8 19. Ba5 b6 20. Bc3
Bxc3 21. bxc3 Nd7 22. Bf5 Nf6 23. Qd4 c5 24. Qxd8+ Rxd8 25. g3 g6 26. Bd3 Kg7
27. Re7 a5 28. Bc4 Rd7 29. Rxd7 Nxd7 30. Bb5 Ne5 31. Kg2 f5 32. f4 Nf7 33. h4
h5 34. Kf3 Nd6 35. c4 Kf7 36. Ke3 Ke7 37. Kd3 Kd8 38. Kc3 Kc7 39. Kb3 Nxb5 40.
cxb5 Kd6 41. Kc4 Ke6 42. a4 Kd6 43. c3 Ke6 44. Kd3 Kd5 45. c4+ 1/2-1/2

[Event "DVM U10 2013"]
[Site "Magdeburg GER"]
[Date "2013.12.27"]
[Round "2"]
[White "Creß, Bastian"]
[Black "Nguyen, Alex Dac-Vuong"]
[Result "1/2-1/2"]
[Termination "normal"]
[Board "3.1"]
[WhiteElo "1302"]
[BlackElo "1309"]
[WhiteTeam "SG Blau-Weiß Stadtilm 1"]
[BlackTeam "BSG Grün-Weiß Leipzig 1"]
[WhiteFideId "16208846"]
[BlackFideId "12984388"]
[EventCountry "GER"]
[EventRounds "6"]
[EventType "team-swiss"]
[EventDate "2013.12.27"]

1. e4 e6 2. d4 d5 3. exd5 exd5 4. Nf3 Nf6 5. Bd3 Be7 6. h3 O-O 7. O-O c5 8. Be3
c4 9. Be2 Nc6 10. Nc3 Bf5 11. Qd2 a6 12. a4 Bb4 13. Bg5 Qd6 14. Bxf6 Qxf6 15.
Nxd5 Bxd2 16. Nxf6+ gxf6 17. Nxd2 Nxd4 18. Bxc4 Nxc2 19. Rac1 Rac8 20. Bd5 Rcd8
21. Be4 Rxd2 22. Bxf5 Nd4 23. Bg4 f5 24. Bh5 Rxb2 25. Rfd1 Ne2+ 26. Bxe2 Rxe2
27. Rd7 b5 28. axb5 axb5 29. Rb7 Rb2 30. Rc5 b4 31. Rcb5 Rc8 32. Rb8 Rxb8 33.
Rxb8+ Kg7 34. Kf1 Kf6 35. Rb7 b3 36. g4 f4 37. Kg2 Rb1 38. Kf3 Rh1 39. Kxf4
Rxh3 40. Rb6+ Kg7 41. f3 Rh6 42. Rxb3 Rf6+ 43. Kg3 Kg6 44. Rb5 Re6 45. Rf5 f6
46. Kf4 h6 47. Rd5 Rc6 48. Rd8 Rc4+ 49. Kg3 f5 50. Rd6+ Kg5 51. Rd5 Rf4 52. Rc5
Ra4 53. Rxf5+ Kg6 54. Rf4 Ra2 55. Rf5 Ra1 56. Re5 Kf6 57. Re4 Ra3 58. Kf4 Rd3
59. Rc4 Rd6 60. Rc5 Rd4+ 61. Ke3 1/2-1/2

[Event "DVM U10 2013"]
[Site "Magdeburg GER"]
[Date "2013.12.27"]
[Round "2"]
[White "Haufe, Laurin"]
[Black "Rapp, Lukas"]
[Result "1/2-1/2"]
[Termination "normal"]
[Board "3.2"]
[WhiteElo "1254"]
[BlackElo "1058"]
[WhiteTeam "BSG Grün-Weiß Leipzig 1"]
[BlackTeam "SG Blau-Weiß Stadtilm 1"]
[WhiteFideId "12976504"]
[BlackFideId "12989320"]
[EventCountry "GER"]
[EventRounds "6"]
[EventType "team-swiss"]
[EventDate "2013.12.27"]

1. e4 e5 2. Nf3 Nc6 3. d4 exd4 4. Nxd4 Bc5 5. Be3 Qf6 6. c3 Nge7 7. Bc4 h6 8.
h4 a5 9. O-O O-O 10. Nb5 Qe5 11. Bxc5 Qxc5 12. Nxc7 Rb8 13. Bd3 Ne5 14. Nb5 b6
15. Nd4 Nxd3 16. Qxd3 Bb7 17. Nb3 Qc6 18. f3 Qe6 19. Nd4 Qd6 20. Na3 Nc6 21.
Nab5 Ba6 22. Nxd6 Bxd3 23. Rfd1 Nxd4 24. Rxd3 1/2-1/2

[Event "DVM U10 2013"]
[Site "Magdeburg GER"]
[Date "2013.12.27"]
[Round "2"]
[White "Werner, Linus"]
[Black "Hinze, Aaron"]
[Result "0-1"]
[Termination "normal"]
[Board "3.3"]
[WhiteElo "892"]
[BlackElo "1129"]
[WhiteTeam "SG Blau-Weiß Stadtilm 1"]
[BlackTeam "BSG Grün-Weiß Leipzig 1"]
[BlackFideId "12990183"]
[EventCountry "GER"]
[EventRounds "6"]
[EventType "team-swiss"]
[EventDate "2013.12.27"]

1. e4 e5 2. Nc3 Bc5 3. Bc4 d6 4. h3 Be6 5. Bb3 Nc6 6. d3 h6 7. Be3 Bb6 8. Qd2
Qf6 9. Nf3 Nge7 10. O-O-O Na5 11. Kb1 Nxb3 12. axb3 Bd4 13. Bxd4 exd4 14. Nb5
O-O 15. Nbxd4 a6 16. Rhg1 c5 17. Ne2 a5 18. g4 Qxf3 19. g5 hxg5 20. Qxg5 Ng6
21. Nc3 b5 22. Nd5 Bxd5 23. exd5 Qf6 24. Qxf6 gxf6 25. h4 Kh8 26. h5 Ne5 27.
Rg3 Rg8 28. Rxg8+ Rxg8 29. f4 Ng4 30. Kc1 Rg7 31. Kd2 Rh7 32. Rg1 f5 33. Re1
Rxh5 34. Re8+ Kg7 35. Rd8 Rh2+ 36. Ke1 Rxc2 37. Rxd6 Rxb2 38. Ra6 Rxb3 39. d6
Rxd3 40. Ke2 Rd4 41. Rc6 Nf6 42. Ke3 Ne4 43. Rxc5 0-1

[Event "DVM U10 2013"]
[Site "Magdeburg GER"]
[Date "2013.12.27"]
[Round "2"]
[White "Stephan, Maxime"]
[Black "Pflugradt, Natalie"]
[Result "1-0"]
[Termination "normal"]
[Board "3.4"]
[WhiteElo "1138"]
[BlackElo "878"]
[WhiteTeam "BSG Grün-Weiß Leipzig 1"]
[BlackTeam "SG Blau-Weiß Stadtilm 1"]
[BlackFideId "16212444"]
[EventCountry "GER"]
[EventRounds "6"]
[EventType "team-swiss"]
[EventDate "2013.12.27"]

1. e4 e5 2. Bc4 Nf6 3. Nc3 Bc5 4. Nf3 Nc6 5. d3 h6 6. Bd2 d6 7. Bb5 a6 8. Bxc6+
bxc6 9. Qe2 Bg4 10. h3 Bxf3 11. Qxf3 O-O 12. Qg3 Nh5 13. Qg4 Nf6 14. Qg3 Kh8
15. Qf3 d5 16. g4 d4 17. Na4 Be7 18. h4 Nh7 19. Qg3 g5 20. hxg5 Bxg5 21. O-O-O
Bxd2+ 22. Rxd2 Qg5 23. Rh5 Qe7 24. Rxh6 Qb4 25. Qh4 Kg8 26. Rxh7 f6 27. Qh6 Rf7
28. Qg6+ Kf8 29. Qxf7# 1-0

[Event "DVM U10 2013"]
[Site "Magdeburg GER"]
[Date "2013.12.27"]
[Round "2"]
[White "Biermann, Lenhard"]
[Black "Triantafillidis, Simeon"]
[Result "1-0"]
[Termination "normal"]
[Board "4.1"]
[WhiteElo "1440"]
[BlackElo "1361"]
[WhiteTeam "TuS Ende"]
[BlackTeam "SF HN-Biberach 1978"]
[WhiteFideId "12970077"]
[BlackFideId "12953113"]
[EventCountry "GER"]
[EventRounds "6"]
[EventType "team-swiss"]
[EventDate "2013.12.27"]

1. d4 d5 2. c4 e6 3. Nc3 Nf6 4. Nf3 Nbd7 5. Bf4 Be7 6. e3 O-O 7. Be2 dxc4 8.
O-O a6 9. a4 b6 10. Qd2 Bb7 11. Rfc1 c5 12. h3 Rc8 13. Na2 Ne4 14. Qd1 -- 15.
Nd2 Bd6 16. Qc2 Nxd2 17. Bxd6 1-0

[Event "DVM U10 2013"]
[Site "Magdeburg GER"]
[Date "2013.12.27"]
[Round "2"]
[White "Melzig, Antonio"]
[Black "Biermann, Florian"]
[Result "0-1"]
[Termination "normal"]
[Board "4.2"]
[WhiteElo "1024"]
[BlackElo "1725"]
[WhiteTeam "SF HN-Biberach 1978"]
[BlackTeam "TuS Ende"]
[WhiteFideId "16235193"]
[BlackFideId "12970069"]
[EventCountry "GER"]
[EventRounds "6"]
[EventType "team-swiss"]
[EventDate "2013.12.27"]

1. e4 c5 2. Nf3 Nc6 3. Nc3 d6 4. Bb5 Nf6 5. d3 Bd7 6. Bg5 a6 7. Bxc6 Bxc6 8.
Qe2 h6 9. Bh4 g5 10. Bg3 Bg7 11. O-O-O Qb6 12. e5 dxe5 13. Nxe5 Bxg2 14. Rhg1
Bc6 15. Rde1 e6 16. Nxc6 Qxc6 17. Be5 O-O 18. d4 cxd4 19. Bxd4 Rad8 20. Be5 b5
21. h4 Nh7 22. Bxg7 Kxg7 23. hxg5 Nxg5 24. Qe5+ f6 25. Qe3 Kh7 26. f4 Nf3 27.
Rg3 Nxe1 28. Qxe1 Rg8 29. Ne4 Rxg3 30. Nxg3 Qf3 31. Qe4+ Qxe4 32. Nxe4 Kg6 33.
Nc5 Rd6 34. Ne4 Rd4 35. Nc5 Rxf4 36. Nxa6 h5 37. Nc5 h4 38. Nd3 Re4 39. Nf2 Re2
40. Nh3 Rh2 41. Nf4+ Kf5 42. Nd3 h3 43. Ne1 Rh1 44. Kd1 Rxe1+ 45. Kxe1 h2 0-1

[Event "DVM U10 2013"]
[Site "Magdeburg GER"]
[Date "2013.12.27"]
[Round "2"]
[White "Tiller, Moritz"]
[Black "Gerold, Robin"]
[Result "0-1"]
[Termination "normal"]
[Board "4.3"]
[WhiteElo "1039"]
[BlackElo "995"]
[WhiteTeam "TuS Ende"]
[BlackTeam "SF HN-Biberach 1978"]
[BlackFideId "16235185"]
[EventCountry "GER"]
[EventRounds "6"]
[EventType "team-swiss"]
[EventDate "2013.12.27"]

1. e4 e5 2. Nf3 Nc6 3. Bc4 Nf6 4. d3 Bc5 5. Nc3 d6 6. Bg5 h6 7. Bh4 Bg4 8. Nd5
g5 9. Nxf6+ Qxf6 10. Bg3 Nd4 11. c3 Nxf3+ 12. gxf3 Bxf3 13. Qxf3 Qxf3 14. O-O
O-O-O 15. b4 Bb6 16. a4 a6 17. a5 Ba7 18. Rad1 h5 19. h4 gxh4 20. Bxh4 Rdg8+
21. Bg3 Rxg3+ 22. Kh2 Qg2# 0-1

[Event "DVM U10 2013"]
[Site "Magdeburg GER"]
[Date "2013.12.27"]
[Round "2"]
[White "Dittmar, Elia"]
[Black "Peters, Moritz"]
[Result "1-0"]
[Termination "normal"]
[Board "4.4"]
[WhiteElo "783"]
[BlackElo "799"]
[WhiteTeam "SF HN-Biberach 1978"]
[BlackTeam "TuS Ende"]
[WhiteFideId "16269098"]
[EventCountry "GER"]
[EventRounds "6"]
[EventType "team-swiss"]
[EventDate "2013.12.27"]

1. c4 c5 2. Nc3 Nc6 3. g3 g6 4. Bg2 Bg7 5. Nf3 Nf6 6. O-O O-O 7. d3 a6 8. Bd2
Rb8 9. Rb1 b5 10. b3 bxc4 11. bxc4 d6 12. Ng5 Rxb1 13. Qxb1 Bf5 14. Bxc6 Bh6
15. Qb7 Bc8 16. Qb3 a5 17. Nd5 Nxd5 18. Bxd5 Bxg5 19. Bxg5 Bh3 20. Bg2 Bxg2 21.
Kxg2 Qa8+ 22. Kg1 {nicht mehr nachvollziehbar} 1-0

[Event "DVM U10 2013"]
[Site "Magdeburg GER"]
[Date "2013.12.27"]
[Round "2"]
[White "Hoffmann, Simon"]
[Black "Buchloh, Adrian"]
[Result "0-1"]
[Termination "normal"]
[Board "5.1"]
[WhiteElo "1193"]
[BlackElo "1464"]
[WhiteTeam "USC Magdeburg"]
[BlackTeam "Hagener SV"]
[WhiteFideId "12979686"]
[BlackFideId "12960675"]
[EventCountry "GER"]
[EventRounds "6"]
[EventType "team-swiss"]
[EventDate "2013.12.27"]

1. e4 c5 2. Nf3 Nc6 3. Bc4 e6 4. Nc3 Nf6 5. O-O Be7 6. d3 O-O 7. Be3 d5 8. exd5
exd5 9. Nxd5 Nxd5 10. Bxd5 Qxd5 11. c4 Qd8 12. Qc2 Nb4 13. Qc3 Qxd3 14. Qxd3
Nxd3 15. b3 Bf5 16. Rad1 Rad8 17. Rd2 Nb4 18. Rfd1 Nxa2 19. Rxd8 Rxd8 20. Rxd8+
Bxd8 21. Bxc5 b6 22. Bd6 a5 23. Nd4 Bg6 24. Kf1 Bf6 25. Nc6 Bc2 26. Bc7 Bxb3
27. Bxb6 Bxc4+ 28. Kg1 a4 29. Bc5 Bb5 30. Na7 Bd7 31. Kf1 Bb2 32. Ke1 a3 33.
Kd1 Ba4+ 34. Kd2 Nc1 35. Bxa3 Bxa3 36. Nc8 Bc5 37. Kxc1 Bd7 38. f3 Bxc8 39. h4
Ba6 40. Kd2 Bf1 41. g4 Bf2 42. h5 Bg2 43. Ke2 Bc5 44. f4 Ba3 45. Kf2 Bd5 46. g5
h6 47. Kg3 hxg5 48. fxg5 Bd6+ 49. Kg4 Be6+ 50. Kh4 Be7 51. h6 gxh6 52. Kh5 hxg5
53. Kh6 g4 54. Kh5 g3 55. Kh6 g2 56. Kh5 g1=Q 57. Kh6 Qh2# 0-1

[Event "DVM U10 2013"]
[Site "Magdeburg GER"]
[Date "2013.12.27"]
[Round "2"]
[White "Brunner, Sophia"]
[Black "Schmidt, Friedrich"]
[Result "1-0"]
[Termination "normal"]
[Board "5.2"]
[WhiteElo "1329"]
[BlackElo "1073"]
[WhiteTeam "Hagener SV"]
[BlackTeam "USC Magdeburg"]
[WhiteFideId "12960683"]
[EventCountry "GER"]
[EventRounds "6"]
[EventType "team-swiss"]
[EventDate "2013.12.27"]

1. d4 d5 2. c4 dxc4 3. e4 Nf6 4. e5 Nd5 5. Bxc4 e6 6. Nf3 Nc6 7. Bg5 Be7 8.
Bxe7 Ncxe7 9. O-O O-O 10. Nc3 c6 11. Rc1 b5 12. Bd3 b4 13. Nxd5 Qxd5 14. Qc2 g6
15. b3 Bb7 16. h4 {Rest nicht nachvollziehbar} 1-0

[Event "DVM U10 2013"]
[Site "Magdeburg GER"]
[Date "2013.12.27"]
[Round "2"]
[White "Schmidt, Richard"]
[Black "Scheidt, Mike Niklas"]
[Result "0-1"]
[Termination "normal"]
[Board "5.3"]
[WhiteElo "985"]
[BlackElo "935"]
[WhiteTeam "USC Magdeburg"]
[BlackTeam "Hagener SV"]
[BlackFideId "12965235"]
[EventCountry "GER"]
[EventRounds "6"]
[EventType "team-swiss"]
[EventDate "2013.12.27"]

1. e4 e5 2. Nf3 Nc6 3. Bc4 Bc5 4. c3 Qf6 5. d3 d6 6. Bg5 Qg6 7. O-O h6 8. Bh4
Nf6 9. Qb3 O-O 10. Nbd2 b6 11. Rfe1 Bg4 12. Bxf6 Qxf6 13. Nf1 Bxf3 14. gxf3
Qxf3 15. d4 exd4 16. Be2 Qxe4 17. Bf3 Qxf3 18. Rad1 dxc3 19. Ne3 Nd4 20. Kf1
Qh1# 0-1

[Event "DVM U10 2013"]
[Site "Magdeburg GER"]
[Date "2013.12.27"]
[Round "2"]
[White "Lindemann, Jarno"]
[Black "Hoffmann, Siegfried"]
[Result "1-0"]
[Termination "normal"]
[Board "5.4"]
[WhiteElo "940"]
[BlackElo "792"]
[WhiteTeam "Hagener SV"]
[BlackTeam "USC Magdeburg"]
[WhiteFideId "12977934"]
[BlackFideId "16252268"]
[EventCountry "GER"]
[EventRounds "6"]
[EventType "team-swiss"]
[EventDate "2013.12.27"]

1. e4 e5 2. Nf3 Nc6 3. Bc4 Bc5 4. d3 h6 5. Nc3 Nf6 6. Bd2 O-O 7. O-O d6 8. Nd5
Bg4 9. h3 Bh5 10. b4 Bd4 11. c3 Bb6 12. a4 a6 13. a5 Ba7 14. b5 axb5 15. Bxb5
Nb8 16. a6 bxa6 17. Bxa6 c6 18. Nxf6+ Qxf6 19. Bb7 Nd7 20. Bxa8 Rxa8 21. Be3 c5
22. g4 Bg6 23. Kg2 h5 24. Qa4 Nb6 25. g5 Qe6 26. Qc6 Kh7 27. Nh4 Qe7 28. Rfb1
Qf8 29. Qb7 Qd8 30. Rxa7 Rxa7 31. Qxa7 Nc8 32. Qa8 Qd7 33. Rb7 Qc6 34. Rb8 Ne7
35. Rh8# 1-0

[Event "DVM U10 2013"]
[Site "Magdeburg GER"]
[Date "2013.12.27"]
[Round "2"]
[White "Kopylov, Daniel"]
[Black "Fromm, Nick"]
[Result "1-0"]
[Termination "normal"]
[Board "6.1"]
[WhiteElo "1706"]
[BlackElo "1287"]
[WhiteTeam "TuRa Harksheide 1"]
[BlackTeam "SV Caissa Kassel"]
[WhiteFideId "12921971"]
[BlackFideId "12958026"]
[EventCountry "GER"]
[EventRounds "6"]
[EventType "team-swiss"]
[EventDate "2013.12.27"]

1. e4 d5 2. exd5 Qxd5 3. Nc3 Qd6 4. Nf3 Nc6 5. Bc4 e5 6. O-O Be7 7. Ne4 Qd8 8.
Re1 Nf6 9. d4 Nxd4 10. Nxd4 Qxd4 11. Nxf6+ {nicht mehr nachvollziehbar} 1-0

[Event "DVM U10 2013"]
[Site "Magdeburg GER"]
[Date "2013.12.27"]
[Round "2"]
[White "Kotliarevski, Dennis"]
[Black "Höfs, Cederik"]
[Result "1-0"]
[Termination "normal"]
[Board "6.2"]
[WhiteElo "1021"]
[BlackElo "1010"]
[WhiteTeam "SV Caissa Kassel"]
[BlackTeam "TuRa Harksheide 1"]
[WhiteFideId "12995371"]
[BlackFideId "16207653"]
[EventCountry "GER"]
[EventRounds "6"]
[EventType "team-swiss"]
[EventDate "2013.12.27"]

1. e4 e5 2. Nf3 Nc6 3. Bc4 Bc5 4. d3 d6 5. Nc3 Bg4 6. h3 Bh5 7. Be3 Nd4 8. g4
Bg6 9. h4 h5 10. g5 f6 11. gxf6 Qxf6 12. Bxd4 exd4 13. Nd5 Qf7 14. Nb6 Qe7 15.
Nxa8 Qd8 16. Nxc7+ Qxc7 17. Bxg8 Rxg8 18. Qd2 Qb6 19. O-O-O Bb4 20. Qg5 Bf7 21.
e5 Bxa2 22. exd6 Bxd6 23. Rde1+ Kd7 24. Ne5+ Kc7 25. Nc4 Bxc4 26. dxc4 Qa6 27.
Qb5 Qa1+ 28. Kd2 Bf4+ 29. Kd3 Qa2 30. Re7+ Kd6 31. Qd7+ Kc5 32. Qd5+ Kb6 33.
Qxb7+ Kc5 34. b4+ Kd6 35. Qc7# 1-0

[Event "DVM U10 2013"]
[Site "Magdeburg GER"]
[Date "2013.12.27"]
[Round "2"]
[White "Rößl, Adam"]
[Black "Simukov, Erik"]
[Result "1-0"]
[Termination "normal"]
[Board "6.3"]
[WhiteElo "944"]
[BlackElo "813"]
[WhiteTeam "TuRa Harksheide 1"]
[BlackTeam "SV Caissa Kassel"]
[WhiteFideId "16246047"]
[BlackFideId "12995380"]
[EventCountry "GER"]
[EventRounds "6"]
[EventType "team-swiss"]
[EventDate "2013.12.27"]

1. e4 e5 2. f4 exf4 3. Nf3 Nc6 4. d4 d6 5. Bxf4 Nf6 6. Bg5 Be7 7. Bxf6 Bxf6 8.
Bb5 Bd7 9. Nc3 a6 10. Bc4 O-O 11. Qd3 Nb4 12. Qd2 Bg4 13. Ne2 c5 14. d5 a5 15.
c3 Na6 16. h3 Bxf3 17. gxf3 Bg5 18. f4 Bf6 19. O-O-O Nc7 20. Rhg1 b5 21. Bd3 c4
22. Bc2 Rb8 23. f5 b4 24. Qh6 b3 25. Rxg7+ Bxg7 26. Rg1 1-0

[Event "DVM U10 2013"]
[Site "Magdeburg GER"]
[Date "2013.12.27"]
[Round "2"]
[White "Del Rio, Miguel"]
[Black "Peters, Malte"]
[Result "0-1"]
[Termination "normal"]
[Board "6.4"]
[WhiteElo "885"]
[BlackElo "903"]
[WhiteTeam "SV Caissa Kassel"]
[BlackTeam "TuRa Harksheide 1"]
[BlackFideId "16208978"]
[EventCountry "GER"]
[EventRounds "6"]
[EventType "team-swiss"]
[EventDate "2013.12.27"]

1. e4 e5 2. Nf3 Nc6 3. Bc4 Nf6 4. Ng5 d5 5. exd5 Nxd5 6. Bxd5 Qxd5 7. O-O Bc5
8. Nc3 Bg4 9. Qxg4 Qd6 10. Nge4 Qd5 11. Nb5 Qd8 12. Qxg7 Ke7 13. Qxe5+ Kd7 14.
Qxc5 Rg8 15. Nf6+ Qxf6 16. Qd5+ Ke7 17. Re1+ Kf8 18. Nxc7 Qg6 19. Nxa8 Nd4 20.
Qxd4 Qxg2# 0-1